Rozpoznaj aktora po roli (polscy aktorzy) - Statystyki

Ogólne statystyki
  • Ten quiz został rozwiązany 56 razy
  • Średni wynik to 13 z 30
Statystyki odpowiedzi
Rola Aktor % Poprawnych
Janosik (Janosik) Marek Perepeczko
93%
Jerzy Kiler (Kiler) Cezary Pazura
84%
Siara (Kiler) Janusz Rewiński
75%
Ambroży Kleks (Akademia Pana Kleksa) Piotr Fronczewski
75%
Komisarz Ryba (Kiler) Jerzy Stuhr
73%
Franek Dolas (Jak rozpętałem IIWŚ) Marian Kociniak
64%
Henryk Kwinto (VaBank) Jan Machulski
61%
Miauczyński (Dzień Świra) Marek Kondrat
61%
Ryszard Ochódzki (Miś) Stanisław Tym
59%
Sekal (Zabić Sekala) Bogusław Linda
57%
Profesor Wilczur (Znachor) Jerzy Bińczycki
52%
Karol Borowiecki (Ziemia Obiecana) Daniel Olbrychski
45%
Neron (Qyo Vadis) Michał Bajor
45%
Albert (Seksmisja) Olgierd Łukaszewicz
39%
Cześnik (Zemsta) Janusz Gajos
36%
Golarz Filip (Akademia Pana Kleksa) Leon Niemczyk
36%
Sędzia Soplica (Pan Tadeusz) Andrzej Seweryn
34%
Kasia (Zmiennicy) Ewa Błaszczyk
34%
Krzakoski (Co mi zrobisz jak mnie złapiesz) Krzysztof Kowalewski
32%
Wokulski (Lalka) Mariusz Dmochowski/Jerzy Kamas
32%
Moryc (Ziemia Obiecana) Wojciech Pszoniak
32%
Fornalski (Zaklęte Rewiry) Roman Wilhelmi
27%
Balcerkowa (Alternatywy 4) Zofia Czerwińska
27%
Jej ekscelencja (Seksmisja) Wiesław Michnikowski
23%
Krzepicki (Kariera Nikodema Dyzmy) Jerzy Bończak
18%
Jacek (Zmiennicy) Mieczysław Hryniewicz
18%
Mastalerz (Zmiennicy) Mieczysław Czechowicz
16%
Lamia (Seksmisja) Bożena Stryjkówna
9%
Jurek (Nie ma róży bez ognia) Jerzy Dobrowolski
5%
Faon (Quo Vadis) Wojciech Olszański
2%
Nie znaleziono quizów pasujących do podanych kryteriów
Rozkład punktacji
Procent ludzi z każdym wynikiem
Percentyl według liczby udzielonych odpowiedzi
Twoja historia wyników
Nie rozwiązałeś tego quizu